000 00373nam a2200133Ia 4500
008 220216s9999 xx 000 0 und d
100 _aThomas A V
245 4 _aThe timber of para rubber
260 _bMalayan Forester
_c1953
300 _a217-219
500 _aAnnotated Bibliography on the Utilization of Rubber Wood. No. 21, RRIM
700 _aLandon F H
942 _cBO
999 _c47750
_d47750